The North Yorkshire Quiz - Statistics

General Stats
  • This quiz has been taken 550 times
  • The average score is 7 of 13
Answer Stats
Hint Answer % Correct
What is the largest settlement by population? York
95%
Which town beginning with H is famous for its spa waters? Harrogate
85%
Which seaside town is associated with Dracula? Whitby
85%
Which two National Parks are wholly or partly in North Yorkshire? The Yorkshire Dales
75%
Which North Yorkshire city is also one of the smallest in England? Ripon
67%
The North York Moors
62%
The flag of North Yorkshire features the white rose and what colour background? Green
50%
What is the county town of North Yorkshire? Northallerton
47%
Which prophetess is associated with a cave near Knaresborough? Mother Shipton
46%
And the second largest? Middlesbrough
41%
Which river begins in Beckermonds and joins the Ouse at Cawood? The Wharfe
16%
Which castle was King Richard III's home for much of his life? Middleham Castle
12%
Which deserted mediaeval village in the Wolds is considered the most famous in England? Wharram Percy
9%
No matching quizzes found
Score Distribution
Percent of People with Each Score
Percentile by Number Answered
Your Score History
You have not taken this quiz